Biochimie : (Record no. 43690)
[ view plain ]
| 000 -LEADER | |
|---|---|
| fixed length control field | 00805 a2200337 4500 |
| 003 - CONTROL NUMBER IDENTIFIER | |
| control field | 00 |
| 005 - DATE AND TIME OF LATEST TRANSACTION | |
| control field | 20170928130631.0 |
| 008 - FIXED-LENGTH DATA ELEMENTS--GENERAL INFORMATION | |
| fixed length control field | 170928b xxu||||| |||| 00| 0 eng d |
| 020 ## - NUMERO INTERNATIONAL NORMALISE DES LIVRES | |
| International Standard Book Number | 2 10 004945 3 |
| 037 ## - SOURCE OF ACQUISITION | |
| Source of stock number/acquisition | 3, UREF |
| 037 ## - SOURCE OF ACQUISITION | |
| Stock number | 03/437 |
| 037 ## - SOURCE OF ACQUISITION | |
| Stock number | 04/533 |
| 037 ## - SOURCE OF ACQUISITION | |
| Stock number | 04/534 |
| 040 ## - SOURCE DU CATALOGAGE | |
| Original cataloging agency | BUAC |
| Language of cataloging | Fre |
| Transcribing agency | BUC |
| 100 ## - VEDETTE PRINCIPALE - NOM DE PERSONNE | |
| Personal name | Weinman, Serge |
| 9 (RLIN) | 225 |
| 100 ## - VEDETTE PRINCIPALE - NOM DE PERSONNE | |
| Language of a work | Fr |
| 245 ## - TITLE STATEMENT | |
| Title | Biochimie : |
| Remainder of title | structure et fonction des protéines |
| 260 ## - PUBLICATION, DISTRIBUTION, ETC. (IMPRINT) | |
| Place of publication, distribution, etc | Paris : |
| 260 ## - PUBLICATION, DISTRIBUTION, ETC. (IMPRINT) | |
| Name of publisher, distributor, etc | Dunod, |
| 260 ## - PUBLICATION, DISTRIBUTION, ETC. (IMPRINT) | |
| Date of publication, distribution, etc | 2000 |
| 300 ## - PHYSICAL DESCRIPTION | |
| Extent | 245 p |
| 300 ## - PHYSICAL DESCRIPTION | |
| Dimensions | ; 27 cm |
| 440 ## - SERIES STATEMENT/ADDED ENTRY--TITLE | |
| Title | (Sciences Sup) |
| 500 ## - GENERAL NOTE | |
| General note | Bibliogr. (241242)<br/>Index (243-246) |
| 630 ## - SUBJECT ADDED ENTRY--UNIFORM TITLE | |
| Uniform title | SCIENCES EXACTES ET NATURELLES |
| 650 ## - SUBJECT ADDED ENTRY--TOPICAL TERM | |
| Topical term or geographic name as entry element | Biologie- |
| 650 ## - SUBJECT ADDED ENTRY--TOPICAL TERM | |
| Topical term or geographic name as entry element | Biochimie |
| 700 ## - ADDED ENTRY--PERSONAL NAME | |
| Personal name | Méhul, Pierre |
| 9 (RLIN) | 227 |
| 942 ## - ADDED ENTRY ELEMENTS (KOHA) | |
| Koha item type | Libre Accès |
| Withdrawn status | Lost status | Damaged status | Not for loan | Location (home branch) | Sublocation or collection (holding branch) | Date acquired | Koha issues (times borrowed) | Koha full call number | Koha date last seen | Price effective from | Koha item type |
|---|---|---|---|---|---|---|---|---|---|---|---|
| Bibliothèque Universitaire Centrale | Bibliothèque Universitaire Centrale | 28/02/2009 | 577.1 WEI | 28/02/2009 | 28/02/2009 | Libre Accès |